Stanley Milgram to Freed, November 10, 1966 /
| Corporate Author: | |
|---|---|
| Format: | eBook |
| Language: | English |
| Language Notes: | In English. Original language in English. |
| Published: |
[Place of publication not identified] :
[publisher not identified],
[date of publication not identified].
|
| Series: | Stanley Milgram Papers
|
| Subjects: | |
| Online Access: | Connect to the full text of this electronic book Connect to the full text of this electronic book |
MARC
| Tag | First Indicator | Second Indicator | Subfields |
|---|---|---|---|
| LEADER | 00000cam a2200000 i 4500 | ||
| 001 | in00005625035 | ||
| 006 | m o d | ||
| 007 | cr |n||||||||a | ||
| 008 | 170503nuuuuuuuuxx o ||| 0 eng d | ||
| 005 | 20250328182558.9 | ||
| 035 | |a (OCoLC)on1373443691 | ||
| 040 | |a CJT |b eng |e rda |c CJT |d OCLCQ | ||
| 035 | |a (OCoLC)1373443691 | ||
| 049 | |a TXAM | ||
| 245 | 0 | 0 | |a Stanley Milgram to Freed, November 10, 1966 / |c by Stanley Milgram. |
| 264 | 1 | |a [Place of publication not identified] : |b [publisher not identified], |c [date of publication not identified]. | |
| 300 | |a 1 online resource (4 pages). | ||
| 336 | |a text |b txt |2 rdacontent | ||
| 337 | |a computer |b c |2 rdamedia | ||
| 338 | |a online resource |b cr |2 rdacarrier | ||
| 347 | |a data file |2 rda | ||
| 490 | 0 | |a Stanley Milgram Papers | |
| 546 | |a In English. | ||
| 546 | |a Original language in English. | ||
| 500 | |a Title from resource description page (viewed May 03, 2017). | ||
| 650 | 4 | |a Social Psychology. | |
| 650 | 4 | |a Correspondence. | |
| 655 | 7 | |a Electronic books. |2 local | |
| 655 | 4 | |a Letter. | |
| 710 | 2 | |a Alexander Street (Firm) | |
| 856 | 4 | 0 | |u http://proxy.library.tamu.edu/login?url=https://www.aspresolver.com/aspresolver.asp?BMHO;2089487 |z Connect to the full text of this electronic book |t 0 |
| 856 | 4 | 0 | |u http://proxy.library.tamu.edu/login?url=https://www.aspresolver.com/aspresolver.asp?BMHO;2089729 |z Connect to the full text of this electronic book |t 0 |
| 936 | |a BATCHLOAD | ||
| 955 | |a Alexander Street - Behavioral and Mental Health Online | ||
| 994 | |a 92 |b TXA | ||
| 999 | f | f | |s 90064f20-e247-4123-aa91-16e9bac88fce |i 8fb467ce-9f68-4c23-a35a-f28d80e8954c |t 0 |
| 952 | f | f | |a Texas A&M University |b College Station |c Electronic Resources |d Available Online |t 0 |h Library of Congress classification |
| 998 | f | f | |t 0 |l Available Online |